00653nam a2200205Ia 4500003000400000008004100004040001600045082002200061100003200083245006000115260006100175300001000236490006600246650001700312650001900329650001500348650002600363650002800389650003000417GCL140319s9999 xx 000 0 ara d aGCL / cGCL04aطb205.25bع ح1 aعبدالتواب يوسف10aسفينة الفضاء / cعبدالتواب يوسف a[S.N] : bدار الكتب الاسلامية ، c1983 a20 ص aحياة الخليل ابراهيم عليه السلامv004aالفضاء04aالاطفال04aالقصص04aقصص الاطفال04aقصص الانبياء04aالقصص الدينية